[Event "Olympiad"]
[Site "Bled SLO"]
[Date "2002.11.02"]
[Round "8"]
[White "Kawuma,S"]
[Black "Theerapabpaisit,W"]
[Result "1-0"]
[WhiteElo "2053"]
[BlackElo "2188"]

1.e4 c5 2.Nf3 d6 3.Bb5+ Bd7 4.Bxd7+ Qxd7 5.c4 Nc6 6.Nc3 g6 7.d4 cxd4 8.Nxd4 Bg7
9.Nde2 Nf6 10.f3 O-O 11.Be3 Rfe8 12.O-O Rad8 13.Qd2 a6 14.Rac1 Ne5 15.b3 b5
16.cxb5 axb5 17.Nd4 Rb8 18.Qe2 b4 19.Ncb5 Rb7 20.Rc2 d5 21.Bf4 Nxf3+ 22.gxf3 e5
23.Nc6 exf4 24.e5 Rb6 25.Nbd4 Qb7 26.Qd2 Nh5 27.Re1 Bf8 28.Qc1 Qd7 29.Kg2 g5
30.Qd1 Ng7 31.Qd3 Ra8 32.h3 Rba6 33.Ree2 Rb6 34.Rc1 h6 35.Kh2 Rba6 36.Rcc2 Rb6
37.Re1 Re8 38.Rg1 Be7 39.h4 Ra8 40.Nf5 Rxc6 41.Nxe7+ Qxe7 42.Rxc6 Rxa2+ 43.Rg2 Rxg2+
44.Kxg2 Qxe5 45.Rc8+ Ne8 46.Qb5 Kf8 47.Qxb4+ Kg7 48.Qd2 Nd6 49.Rc3 Nf5 50.hxg5 hxg5
51.Kf2 Ne3 52.Rc1 Qf6 53.Rg1 Qe5 54.b4 Nc4 55.Qe2 Qd4+ 56.Kg2 Ne3+ 57.Kh1 g4
58.b5 g3 59.Rb1 Qb6 60.Qb2+ d4 61.Kg1 Kg6 62.Qa2 Kf6 63.Qa6 Nd5 64.Rc1 Ke5
65.Qxb6 Nxb6 66.Rc5+ Nd5 67.b6 d3 68.b7 d2 69.b8=Q+ Ke6  1-0

[Event "10th Chigorin Mem B"]
[Site "St Petersburg RUS"]
[Date "2002.11.02"]
[Round "8"]
[White "Saveljev,V"]
[Black "Nazarov,N"]
[Result "1-0"]
[WhiteElo "2295"]
[BlackElo "2219"]

1.e4 c5 2.Nf3 d6 3.Bb5+ Nd7 4.c3 Nf6 5.Qe2 Qa5 6.O-O a6 7.Bd3 g6 8.Bc2 e5
9.d4 Bg7 10.dxe5 dxe5 11.Bg5 O-O 12.Nbd2 Qc7 13.a4 h6 14.Bxf6 Nxf6 15.Nc4 Nh5
16.g3 b6 17.Rfd1 Be6 18.Ne3 Nf6 19.Bd3 Rfd8 20.Bc4 Bd7 21.Nd5 Nxd5 22.Bxd5 Ra7
23.Nh4 Be8 24.Bb3 Kh7 25.Rxd8 Qxd8 26.Bc4 Bc6 27.Rd1 Rd7 28.Rxd7 Qxd7 29.Bxa6 Bxa4
30.Bc4 Bf6 31.Ng2 Bg5 32.Bd5 Bb5 33.Qf3 Kg7 34.h4 Bd8 35.Ne3 Ba6 36.Ng4 f6
37.h5 Qb5 38.c4 Qxb2 39.Ne3 Qc1+ 40.Kg2 Bc8 41.hxg6 Kxg6 42.Qe2 h5 43.Qa2 Qe1
44.Qa7 Bh3+ 45.Kh2 Kh6 46.Qf7 h4 47.Qf8+  1-0

[Event "10th Chigorin Mem"]
[Site "St Petersburg RUS"]
[Date "2002.11.02"]
[Round "8"]
[White "Potkin,V"]
[Black "Ionov,S"]
[Result "1/2-1/2"]
[WhiteElo "2495"]
[BlackElo "2538"]

1.e4 c5 2.Nf3 d6 3.Bb5+ Bd7 4.Bxd7+ Qxd7 5.O-O Nf6 6.Re1 Nc6 7.c3 e6 8.d4 cxd4
9.cxd4 d5 10.e5 Ne4 11.Nbd2 Nxd2 12.Bxd2 Be7 13.Rc1 O-O 14.Rc3 Rfc8 15.a3 Bd8
16.Rd3 Ne7 17.h4 Nf5 18.g4 Ne7 19.h5 h6 20.Kh1 Qb5 21.Bc3 Ba5 22.Qd2 Bxc3
23.bxc3 Rf8 24.Rg1 f6 25.exf6 Rxf6 26.Ne5  1/2-1/2

[Event "10th Chigorin Mem"]
[Site "St Petersburg RUS"]
[Date "2002.11.03"]
[Round "9"]
[White "Ovetchkin,R"]
[Black "Makarov,M"]
[Result "1/2-1/2"]
[WhiteElo "2573"]
[BlackElo "2513"]

1.e4 c5 2.Nf3 d6 3.Bb5+ Nd7 4.d4 Nf6 5.O-O cxd4 6.Qxd4 e5 7.Qd3 h6 8.Nc3 Be7
9.Nh4 a6 10.Bxd7+ Bxd7 11.Rd1 g6 12.Nf3 Rc8 13.a4 Qc7 14.Be3 Be6 15.Nd2 Qc6
16.f3 d5 17.exd5 Nxd5 18.Nxd5 Qxd5 19.Qxd5 Bxd5 20.Rac1 f5 21.c4 Bc6 22.b3 Kf7
23.c5 Rcd8 24.Nc4 Ke6 25.Na5 Rxd1+ 26.Rxd1 Bd5 27.b4 g5 28.b5 axb5 29.axb5 f4
30.Bf2 h5 31.c6 bxc6 32.Nxc6 Bd6 33.Re1 Bxc6 34.bxc6 Rc8 35.Rc1 Kd5 36.Rd1+ Kxc6
37.Rc1+ Kd7 38.Rxc8 Kxc8 39.h3 Kd7 40.Kf1 Kc6 41.Ke2 Kd5 42.Kd3 g4 43.Bb6 Bc5
44.Bc7 gxf3  1/2-1/2

[Event "Olympiad"]
[Site "Bled SLO"]
[Date "2002.11.04"]
[Round "9"]
[White "Degraeve,JM"]
[Black "Guseinov,K"]
[Result "1-0"]
[WhiteElo "2575"]
[BlackElo "2513"]

1.e4 c5 2.Nf3 d6 3.Bb5+ Bd7 4.Bxd7+ Qxd7 5.O-O Nc6 6.c3 Nf6 7.d4 e5 8.Re1 g6
9.d5 Ne7 10.a4 Bg7 11.a5 O-O 12.Qa4 b5 13.axb6 Qxa4 14.Rxa4 axb6 15.Rxa8 Rxa8
16.Bg5 Nc8 17.Bxf6 Bxf6 18.Na3 Ra6 19.Kf1 Na7 20.Ke2 Kf8 21.Ra1 b5 22.Nc2 Rxa1
23.Nxa1 Ke8 24.Nc2 Bd8 25.g4 h6 26.h4 Kd7 27.h5 g5 28.Ne3 Be7 29.c4 b4 30.Kd3 f6
31.Kc2 Nc8 32.Kb3 Kc7 33.Ne1 Kb6 34.Nd3 Ka5 35.Nc2 Bd8 36.f3 Na7 37.Ne3 Be7
38.Kc2 Nc8 39.Nf2 Bf8 40.Nf5 Ka6 41.Nd1 Kb7 42.Nde3 Kc7 43.Kb3 Kb6  1-0

[Event "Olympiad"]
[Site "Bled SLO"]
[Date "2002.11.04"]
[Round "9"]
[White "Pikula,D"]
[Black "Braga,C"]
[Result "0-1"]
[WhiteElo "2485"]
[BlackElo "2415"]

1.e4 c5 2.Nf3 d6 3.Bb5+ Nd7 4.d4 Nf6 5.Nc3 cxd4 6.Qxd4 e5 7.Qd3 h6 8.Nd2 Be7
9.Nc4 O-O 10.Bxd7 Bxd7 11.Nxd6 Qc7 12.Ndb5 Qc6 13.a4 Be6 14.Na3 Bb4 15.Bd2 Rfd8
16.Qb5 Bxc3 17.Bxc3 Qxe4+ 18.Kf1 Bh3 19.Rg1 Ng4 20.Qe2 Nxh2+ 21.Ke1 Bxg2
22.Qxe4 Bxe4 23.Rxg7+ Kxg7 24.Bxe5+ Kh7 25.Bxh2 Bf3 26.Nc4 Rd5 27.Bg3 Rad8
28.Ne3 Rh5 29.Nf1 Rh1 30.Bf4 Rd4  0-1

[Event "Olympiad w"]
[Site "Bled SLO"]
[Date "2002.11.05"]
[Round "10"]
[White "Lagvilava,G"]
[Black "Hunt,H"]
[Result "1-0"]
[WhiteElo "2284"]
[BlackElo "2406"]

1.e4 c5 2.Nf3 d6 3.Bb5+ Nd7 4.d4 Nf6 5.Nc3 a6 6.Bxd7+ Nxd7 7.O-O e6 8.Bg5 Qc7
9.d5 e5 10.a4 g6 11.Nd2 f6 12.Be3 Bg7 13.Nc4 Rb8 14.a5 b5 15.axb6 Nxb6 16.Na5 O-O
17.Qe2 f5 18.exf5 gxf5 19.Nc6 Ra8 20.b4 cxb4 21.Nb5 axb5 22.Bxb6 Qxb6 23.Rxa8 Bd7
24.Rxf8+ Kxf8 25.Qh5 e4 26.Qg5 Qc7 27.Qe7+ Kg8 28.Nd8 Qc8 29.Qf7+ Kh8 30.Ne6 Bxe6
31.dxe6 Qf8 32.Qd7 Bf6 33.Rd1 Be7 34.Qxb5 Qf6 35.Qd5 Kg7 36.h3 Qe5 37.Qxe5+ dxe5
38.g4 Kf6 39.gxf5 Kxf5 40.Re1 h5 41.Kg2 Bh4 42.Re3 Be7 43.f3 exf3+ 44.Kxf3 h4
45.Re1 Bg5 46.Re4 Be7 47.Rc4 Kxe6 48.Ke4 Bf8 49.Rc6+ Kd7 50.Ra6 Bd6 51.Kd5 Bc7
52.Rh6 Bd8 53.Rh7+ Be7 54.Kxe5 Kd8 55.Kf5 Kd7 56.Kg4 Ke6 57.Rxe7+ Kxe7 58.Kxh4  1-0

[Event "Olympiad w"]
[Site "Bled SLO"]
[Date "2002.11.05"]
[Round "10"]
[White "Llaneza Vega,P"]
[Black "Calotescu,C"]
[Result "0-1"]
[WhiteElo "2312"]
[BlackElo "2324"]

1.e4 c5 2.Nf3 d6 3.Bb5+ Nd7 4.d4 cxd4 5.Qxd4 a6 6.Bxd7+ Bxd7 7.Bg5 f6 8.Be3 e6
9.Nc3 Ne7 10.O-O-O Nc6 11.Qd3 Rc8 12.Kb1 b5 13.e5 Nb4 14.Qe2 dxe5 15.Nxe5 fxe5
16.Qh5+ g6 17.Qxe5 Rg8 18.Ne4 Be7 19.Bg5 Qc7 20.Nf6+ Bxf6 21.Qxf6 Qc5 22.Rhe1 Nc6
23.Rxd7 Kxd7 24.Qf7+ Ne7 25.Rd1+ Kc7 26.Qxe6 Nc6 27.Bf4+ Kb7 28.Rd7+ Ka8
29.Be3 Qxc2+ 30.Ka1 Qc4  0-1

[Event "Olympiad"]
[Site "Bled SLO"]
[Date "2002.11.05"]
[Round "10"]
[White "Bellini,F"]
[Black "Sammalvuo,T"]
[Result "1/2-1/2"]
[WhiteElo "2486"]
[BlackElo "2437"]

1.e4 c5 2.Nf3 d6 3.Bb5+ Bd7 4.Bxd7+ Qxd7 5.c4 Nf6 6.Nc3 Nc6 7.d4 cxd4 8.Nxd4 e6
9.O-O Be7 10.b3 O-O 11.Bb2 Rfd8 12.Re1 a6 13.Nxc6 bxc6 14.Na4 Qc7 15.Qc2 Nd7
16.Rad1 e5 17.Qc3 f6 18.Qh3 Nc5 19.Nxc5 dxc5 20.Qe6+ Kf8 21.f4 Rxd1 22.Rxd1 Rd8
23.Rf1 exf4 24.e5 Qd7 25.Qxd7 Rxd7 26.exf6 gxf6 27.Rxf4 Rd1+ 28.Rf1 Rxf1+
29.Kxf1 f5 30.Be5 Kf7 31.Kf2 Ke6 32.Bb8 Bg5 33.Kf3 h5 34.Kg3 Kd7 35.Bf4 Be7
36.h3 Ke6 37.Bc7 Bg5 38.Kf3 Be7 39.Kf4 Kf6 40.g3 Ke6 41.a4 Kf6 42.Be5+ Kg6
43.h4 Bf8 44.Bc7 Bg7 45.Bb6 Bd4 46.b4 Kf6 47.Bd8+ Ke6 48.bxc5 Be5+ 49.Kg5 Bxg3
50.Kxh5 Bf2 51.Bc7 Kf6 52.Bf4 Bxc5 53.Kh6 Kf7 54.h5 Be7 55.Kh7 Bf8 56.Be5 Bc5
57.Bf4 Bf8 58.Be5 Bc5 59.Bf4  1/2-1/2

[Event "Olympiad"]
[Site "Bled SLO"]
[Date "2002.11.05"]
[Round "10"]
[White "Delgado,N"]
[Black "Van Beers,E"]
[Result "1-0"]
[WhiteElo "2539"]
[BlackElo "2331"]

1.e4 c5 2.Nf3 d6 3.Bb5+ Nd7 4.c3 Nf6 5.Qe2 a6 6.Ba4 b5 7.Bc2 Bb7 8.O-O e6
9.d4 Be7 10.Nbd2 cxd4 11.cxd4 Rc8 12.Bd3 Nb6 13.b3 O-O 14.Ba3 d5 15.Bxe7 Qxe7
16.e5 Nfd7 17.Qe3 f5 18.exf6 gxf6 19.Rae1 Rfe8 20.Nh4 Qf7 21.Qh3 Nf8 22.Re3 Kh8
23.Rg3 Qh5 24.f4 Nbd7 25.Re1 Re7 26.Nf5 Qxh3 27.Rxh3 Rg7 28.Nxg7 Kxg7 29.g4 Rc6
30.Rhe3 Kf7 31.Nf3 Bc8 32.f5 Nb8 33.Nh4  1-0

[Event "Olympiad"]
[Site "Bled SLO"]
[Date "2002.11.05"]
[Round "10"]
[White "Hatanbaatar,B"]
[Black "Levitt,M"]
[Result "1-0"]
[WhiteElo "2439"]
[BlackElo "2285"]

1.e4 c5 2.Nf3 d6 3.Bb5+ Nc6 4.O-O Bd7 5.Re1 a6 6.Bf1 Bg4 7.c3 Nf6 8.d4 cxd4
9.cxd4 Bxf3 10.gxf3 d5 11.e5 Nh5 12.f4 g6 13.Be3 Qd7 14.Nc3 e6 15.Na4 Rb8
16.Rc1 Bb4 17.Re2 Ng7 18.a3 Be7 19.Bh3 O-O 20.b4 b6 21.Qb3 Na7 22.Rec2 Rfc8
23.Bf1 Rxc2 24.Rxc2 Nb5 25.Nc3 Nf5 26.Nxb5 axb5 27.Qd3 Ra8 28.Rc3 Kg7 29.Qxb5 Qxb5
30.Bxb5 h6 31.Bd3 Nh4 32.Kf1 Ra7 33.Ke2 g5 34.fxg5 hxg5 35.f4 Ng2 36.f5 exf5
37.Bxf5 f6 38.e6 Nh4 39.Bb1 f5 40.Bc1 Kf6 41.Rc6 g4 42.Kd3 Nf3 43.Ba2 Bxb4
44.Bxd5 Bxa3 45.Bf4 Bb2 46.Bc7 Nxd4 47.Bd8+ Ke5 48.Rxb6 Kxd5 49.e7 Ra3+ 50.Kd2 Nf3+
51.Ke2 Ng1+ 52.Kd1 Re3 53.Rxb2 f4 54.Rg2 Kd6 55.Rxg1 Kd5  1-0

[Event "Olympiad"]
[Site "Bled SLO"]
[Date "2002.11.06"]
[Round "11"]
[White "Vescovi,G"]
[Black "Amonatov,F"]
[Result "1/2-1/2"]
[WhiteElo "2614"]
[BlackElo "2518"]

1.e4 c5 2.Nf3 d6 3.Bb5+ Nd7 4.d4 Nf6 5.Nc3 cxd4 6.Qxd4 e5 7.Qd3 h6 8.Be3 Be7
9.Bc4 a6 10.a4 Qa5 11.O-O Nc5 12.Bxc5 Qxc5 13.Nd5 Nxd5 14.Bxd5 O-O 15.Ra3 Rb8
16.Rc3 Qa5 17.Qc4 Bd8 18.Rd3 Qc7 19.Nd2 Bd7 20.Qxc7  1/2-1/2

[Event "Olympiad"]
[Site "Bled SLO"]
[Date "2002.11.06"]
[Round "11"]
[White "Adebayo,A"]
[Black "Larrea,M"]
[Result "1-0"]
[WhiteElo "2180"]
[BlackElo "2184"]

1.e4 c5 2.Nf3 d6 3.Bb5+ Bd7 4.Bxd7+ Qxd7 5.O-O Nc6 6.c3 Nf6 7.Qe2 g6 8.d4 cxd4
9.cxd4 d5 10.Nc3 dxe4 11.Nxe4 Nxe4 12.Qxe4 Rd8 13.Rd1 Qd5 14.Qh4 Bg7 15.Bh6 Bf6
16.Qg4 Qf5 17.Qxf5 gxf5 18.Rd2 e6 19.Be3 Rd5 20.Rc1 Ke7 21.Kf1 Rhd8 22.Rc4 Ra5
23.b3 Rdd5 24.Ke2 Kd7 25.h4 Ra3 26.Rcc2 Nb4 27.Rc4 a5 28.Bf4 Rxa2 29.Rc7+ Ke8
30.Rxa2 Nxa2 31.Rxb7 Nc3+ 32.Kd3 Ne4 33.Ke3 Nc3 34.Be5 Be7 35.g3 f6 36.Bf4 e5
37.Kd3 Bb4 38.Bd2 e4+ 39.Kc4 Rd8 40.Bxc3 Rc8+ 41.Kd5 Rxc3 42.Nd2 Rc2 43.Nc4 Rxf2
44.Nd6+ Bxd6 45.Kxd6 Rb2 46.Ke6 Kd8 47.d5 a4 48.d6 Rxb3 49.Rxh7 Kc8 50.Rh8+ Kb7
51.d7 Rd3 52.d8=Q Rxd8 53.Rxd8 a3 54.Rd1  1-0

[Event "Olympiad"]
[Site "Bled SLO"]
[Date "2002.11.07"]
[Round "12"]
[White "Nezad,H"]
[Black "Bratovic,B"]
[Result "1-0"]
[WhiteElo "2315"]
[BlackElo "2293"]

1.e4 c5 2.Nf3 d6 3.Bb5+ Bd7 4.Bxd7+ Nxd7 5.O-O Ngf6 6.Qe2 e6 7.b3 Be7 8.Bb2 O-O
9.c4 Qc7 10.Nc3 a6 11.d4 cxd4 12.Nxd4 Rfe8 13.Rad1 Rad8 14.f4 Bf8 15.Qf3 b6
16.Kh1 Qb7 17.Rfe1 Nc5 18.h3 e5 19.Nf5 g6 20.fxe5 dxe5 21.Ng3 Bg7 22.Nd5 Nxd5
23.Rxd5 Rxd5 24.cxd5 f5 25.b4 fxe4 26.Nxe4 Rf8 27.Qe2 Nxe4 28.Qxe4 Rf4 29.Qd3 Rxb4
30.Bxe5 Bxe5 31.Rxe5 Qc7 32.Re8+ Kf7 33.Re1 Rb2 34.d6 Qc6 35.Qf1+ Kg8 36.Re7 Qd5
37.Re8+  1-0

[Event "Olympiad"]
[Site "Bled SLO"]
[Date "2002.11.07"]
[Round "12"]
[White "Magem Badals,J"]
[Black "Tiviakov,S"]
[Result "0-1"]
[WhiteElo "2506"]
[BlackElo "2631"]

1.e4 c5 2.Nf3 d6 3.Bb5+ Nc6 4.Bxc6+ bxc6 5.O-O Bg4 6.d3 Nf6 7.Nbd2 Nd7 8.h3 Bh5
9.b3 e6 10.Bb2 f6 11.Qe1 Be7 12.Nh2 Bf7 13.f4 d5 14.Qg3 O-O 15.Ng4 Bh5 16.exd5 cxd5
17.Rfe1 Qb6 18.Nh6+ Kh8 19.Qh4 Be8 20.Qg4 c4+ 21.Kh1 Nc5 22.dxc4 gxh6 23.cxd5 Qb7
24.Ne4 exd5 25.Nxc5 Bxc5 26.Qf5 Bg6 27.Bxf6+ Kg8 28.Qe6+ Qf7 29.Qxf7+ Kxf7
30.Be5 Rac8 31.Rad1 Rfd8 32.c3 Bb6 33.Rd2 Be4 34.Kh2 Re8 35.g3 Ba5 36.Rc1 Rxe5
37.fxe5 Rxc3 38.Rf2+ Ke6 39.Rxc3 Bxc3 40.Rf8 Kxe5 41.Kg1 Kd4 42.Kf1 Ke5  0-1

[Event "Olympiad"]
[Site "Bled SLO"]
[Date "2002.11.07"]
[Round "12"]
[White "Ganguly,S"]
[Black "Dorfman,J"]
[Result "1/2-1/2"]
[WhiteElo "2531"]
[BlackElo "2617"]

1.e4 c5 2.Nf3 d6 3.Bb5+ Bd7 4.Bxd7+ Qxd7 5.O-O Nf6 6.Re1 Nc6 7.Nc3 e6 8.d4 cxd4
9.Nxd4 Be7 10.b3 O-O 11.Bb2 Rfd8 12.Qd2  1/2-1/2

[Event "Olympiad"]
[Site "Bled SLO"]
[Date "2002.11.07"]
[Round "12"]
[White "Bellini,F"]
[Black "Kulaots,K"]
[Result "1/2-1/2"]
[WhiteElo "2486"]
[BlackElo "2542"]

1.e4 c5 2.Nf3 d6 3.Bb5+ Nc6 4.Bxc6+ bxc6 5.O-O Bg4 6.h3 Bh5 7.d3 Nf6 8.Nbd2 e6
9.e5 Nd5 10.c4 Nb4 11.Qa4 Qc7 12.exd6 Bxd6 13.Ne4 Nxd3 14.Rd1 Bxf3 15.gxf3 Bh2+
16.Kg2 Nxc1 17.Raxc1 Bf4 18.Rc3 O-O 19.Rcd3 h6 20.Nxc5 Qe5 21.Nd7 Qg5+ 22.Kf1 Rfc8
23.c5 Qf5 24.Kg2 Qg5+ 25.Kf1 Qf5 26.Kg2 Qg5+  1/2-1/2

[Event "Olympiad"]
[Site "Bled SLO"]
[Date "2002.11.07"]
[Round "12"]
[White "Zarnicki,P"]
[Black "Gallagher,Jo"]
[Result "1/2-1/2"]
[WhiteElo "2499"]
[BlackElo "2540"]

1.e4 c5 2.Nf3 d6 3.Bb5+ Bd7 4.Bxd7+ Nxd7 5.O-O Ngf6 6.Qe2 e6 7.b3 Be7 8.Bb2 O-O
9.c4 a6 10.Nc3 Ne5 11.Rad1 Nxf3+ 12.Qxf3 b5 13.d4  1/2-1/2

[Event "Olympiad"]
[Site "Bled SLO"]
[Date "2002.11.08"]
[Round "13"]
[White "Al Tamimi,H"]
[Black "Van Beers,E"]
[Result "1/2-1/2"]
[WhiteElo "2169"]
[BlackElo "2331"]

1.e4 c5 2.Nf3 d6 3.Bb5+ Nd7 4.c3 Nf6 5.Qe2 a6 6.Ba4 b5 7.Bc2 e5 8.O-O Be7
9.d4 O-O 10.dxe5 dxe5 11.a4 Bb7 12.Bg5 Bc6 13.Rd1 Qc7 14.Nbd2 c4 15.axb5 axb5
16.b3 cxb3 17.Nxb3 h6 18.Bh4 Rfe8 19.Bd3 Qb6 20.Bg3 Bd6 21.Nh4 g6 22.Rab1 Rab8
23.Ra1 Ra8 24.Rab1 Bf8 25.Nd2 Rab8 26.Nhf3 Qc5 27.Nb3 Qb6 28.Nbd2 Qc5 29.Nb3 Qb6
30.Nbd2 Qc5 31.Nb3  1/2-1/2

[Event "WYb12"]
[Site "Heraklio GRE"]
[Date "2002.11.16"]
[Round "2"]
[White "Matlakov,M"]
[Black "Bindrich,F"]
[Result "0-1"]
[WhiteElo "2312"]
[BlackElo "2172"]

1.e4 c5 2.Nf3 d6 3.Bb5+ Bd7 4.Bxd7+ Nxd7 5.d4 cxd4 6.Qxd4 Ngf6 7.Nc3 g6 8.Bg5 Bg7
9.O-O-O O-O 10.e5 dxe5 11.Nxe5 h6 12.Nxd7 Nxd7 13.Qxd7 hxg5 14.Qxb7 Qe8 15.Rd3 e6
16.Rhd1 a5 17.a3 Be5 18.g3 Bg7 19.f3 Kh8 20.Qc7 Kg8 21.h4 gxh4 22.gxh4 Rc8
23.Qxa5 Qe7 24.h5 Rc5 25.Qb4 Qg5+ 26.Kb1 Qxh5 27.a4 Rcc8 28.Nb5 Qh2 29.Qb3 Qf4
30.Re1 Rc4 31.Re4 Rxe4 32.fxe4 Qxe4 33.Qa3 Rc8 34.Nc3 Qe1+ 35.Rd1 Qf2 36.a5 Bxc3
37.a6 Bd4 38.Qa4 e5 39.Rc1 Rb8 40.b3 Qe3 41.Qc4 Qc3  0-1

[Event "WYb12"]
[Site "Heraklio GRE"]
[Date "2002.11.16"]
[Round "2"]
[White "Howell,D"]
[Black "Can,E"]
[Result "1-0"]
[WhiteElo "2224"]
[BlackElo "2185"]

1.e4 c5 2.Nf3 d6 3.Bb5+ Bd7 4.Bxd7+ Qxd7 5.c4 Nc6 6.Nc3 g6 7.d4 cxd4 8.Nxd4 Bg7
9.Be3 Nf6 10.f3 O-O 11.O-O Rfc8 12.b3 Qd8 13.Qd2 Nd7 14.Nd5 Nf6 15.Rfe1 Nxd5
16.exd5 Ne5 17.Bg5 Qb6 18.Rad1 Re8 19.f4 Ng4 20.Bxe7 Rac8 21.h3 Nh6 22.g4 f6
23.Re6 f5 24.g5 Nf7 25.Kg2 Nd8 26.Bxd8 Rcxd8 27.Rde1 Rf8 28.Nf3 Qc5 29.a4 a6
30.a5 b5 31.axb6 Rb8 32.Re7 Rxb6 33.R1e3 a5 34.Qa2 Rb4 35.Re2 a4 36.bxa4 Rxc4
37.Rd7 Ra8 38.Qb1 Qxd5 39.Rd2 Qe4 40.Qb3 Rc8 41.R7xd6 Qe7 42.Rd7 Qe6 43.Qb7 Bf8
44.Rxh7 Rc2 45.Rd7 Rc1 46.Qd5 Qxd5 47.R7xd5 R1c4 48.Ne5 Rxf4 49.Nxg6 Rxa4
50.Rxf5 Bb4 51.Rb2 Kg7 52.Nf4 Bd6 53.Ne6+ Kg6 54.Rd2 Ra6 55.Re2 Ra3 56.Rf3 Ra5
57.h4 Rc4 58.Rd2 Ra6 59.Kh3 Be7 60.Nf4+ Kh7 61.Kg4 Bd6 62.h5 Be7 63.Kf5 Rcc6
64.Re3 Bf8 65.Re6 Rxe6 66.Nxe6 Be7 67.Rd7  1-0

[Event "WYg18"]
[Site "Heraklio GRE"]
[Date "2002.11.17"]
[Round "3"]
[White "Berzina,I"]
[Black "Hodova,L"]
[Result "1-0"]
[WhiteElo "2243"]
[BlackElo "2061"]

1.e4 c5 2.Nf3 d6 3.Bb5+ Nd7 4.c3 Nf6 5.Qe2 a6 6.Ba4 b5 7.Bc2 e5 8.O-O Be7
9.a4 Bb7 10.d4 O-O 11.Rd1 Qc7 12.d5 b4 13.a5 Rab8 14.Nbd2 Bc8 15.Nc4 Re8
16.h3 Bf8 17.Bd2 g6 18.Qe1 bxc3 19.bxc3 Bg7 20.Rdb1 Rb5 21.Ba4 Rxb1 22.Rxb1 Bb7
23.Rxb7 Qxb7 24.Nxd6 Qc7 25.Nxe8 Nxe8 26.Qb1 Nd6 27.Bxd7 Qxd7 28.Qb8+ Ne8
29.Nxe5 Qe7 30.Nc4  1-0

[Event "Kubanskaja Osen"]
[Site "Krasnodar RUS"]
[Date "2002.11.18"]
[Round "4"]
[White "Jenetl,R"]
[Black "Panarin,M"]
[Result "1/2-1/2"]
[WhiteElo "2428"]
[BlackElo "2445"]

1.e4 c5 2.Nf3 d6 3.Bb5+ Nd7 4.O-O Nf6 5.Re1 e6 6.c4 a6 7.Bxd7+ Bxd7 8.d4 cxd4
9.Qxd4 Be7 10.Nc3 O-O 11.e5 dxe5  1/2-1/2

[Event "WYb16"]
[Site "Heraklio GRE"]
[Date "2002.11.21"]
[Round "7"]
[White "Meier,Geo"]
[Black "Adly,A"]
[Result "0-1"]
[WhiteElo "2181"]
[BlackElo "2294"]

1.e4 c5 2.Nf3 d6 3.Bb5+ Bd7 4.Bxd7+ Nxd7 5.O-O g6 6.c3 Ngf6 7.Qe2 Bg7 8.d4 cxd4
9.cxd4 O-O 10.Nc3 Nb6 11.Bg5 Rc8 12.Rac1 Qd7 13.Rfd1 a6 14.Nd2 Rc7 15.Nf1 Rfc8
16.Qd3 Nc4 17.Qe2 Nb6 18.Ne3 Nxe4 19.Ncd5 Nxd5 20.Nxd5 Nxg5 21.Nxc7 Rxc7
22.d5 f5 23.Qe3 Ne4 24.Qb6 Rc5 25.Rxc5 dxc5 26.f3 Nd6 27.Qxc5 Qa4 28.b3 Qxa2
29.Qe3 Bf6 30.g4 f4 31.Qd3 Bh4 32.Rd2 Qa1+ 33.Kg2 Bf6 34.Qe2 Kf8 35.Kh3 Bd4
36.Rc2 Nf7 37.Rc8+ Kg7 38.d6 Ng5+ 39.Kh4 Bf6 40.dxe7 Nxf3+ 41.Kh3 Ng1+ 42.Kg2 Nxe2
43.e8=Q Qg1+ 44.Kf3 Qf1+ 45.Ke4 Nc3+  0-1

[Event "WYb18"]
[Site "Heraklio GRE"]
[Date "2002.11.23"]
[Round "10"]
[White "Drabke,L"]
[Black "Flumbort,A"]
[Result "1/2-1/2"]
[WhiteElo "2374"]
[BlackElo "2446"]

1.e4 c5 2.Nf3 d6 3.Bb5+ Nd7 4.d4 Nf6 5.Nc3 cxd4 6.Qxd4 e5 7.Qd3 h6 8.Be3 Be7
9.O-O a6 10.Bc4 b5 11.Bd5 Rb8 12.Ba7 Nxd5 13.Nxd5 Rb7 14.Be3 Nf6 15.Nxe7 Qxe7
16.Nd2 O-O 17.c3 Rd8 18.Qe2 d5 19.exd5 Nxd5 20.Nb3 Rbd7 21.Nc5 Rc7 22.Nb3 Bb7
23.Rad1 f5 24.f3 Re8 25.Rd2 f4 26.Bf2 Nf6 27.Rdd1 e4 28.fxe4 Nxe4 29.Qg4 Nxf2
30.Rxf2 Rf8 31.Nd4 Qf7 32.Rdf1 f3 33.Nxf3 Qxa2 34.b3 Qxb3 35.Nd4 Rxf2 36.Nxb3 Rxg2+
37.Qxg2 Bxg2 38.Kxg2 Rxc3 39.Rf3 Rc4 40.Kg3 Ra4 41.Nc5 Ra2 42.Rb3  1/2-1/2

[Event "74th ch-GER"]
[Site "Saarbruecken GER"]
[Date "2002.11.23"]
[Round "2"]
[White "Tischbierek,R"]
[Black "Baramidze,D"]
[Result "1-0"]
[WhiteElo "2523"]
[BlackElo "2390"]

1.e4 c5 2.Nf3 d6 3.Bb5+ Bd7 4.Bxd7+ Qxd7 5.c4 Nc6 6.Nc3 g6 7.d4 cxd4 8.Nxd4 Bg7
9.Nde2 Nf6 10.f3 O-O 11.O-O Rfc8 12.Rb1 Qd8 13.Be3 Qa5 14.Qd2 Nd7 15.Rfd1 Kf8
16.Kh1 a6 17.Bg5 Nde5 18.b3 b5 19.b4 Qd8 20.cxb5 axb5 21.Nxb5 Qb6 22.Nbc3 Nc4
23.Qf4 f6 24.Bh6 Qf2 25.a4 N6e5 26.Qg3 Qa7 27.Bxg7+ Kxg7 28.f4 Nd7 29.Nd4 Kh8
30.b5 Ndb6 31.Nc6 Qb7 32.e5 dxe5 33.fxe5 Nxa4 34.Nxa4 Rxa4 35.exf6 exf6 36.Qh3 f5
37.Re1 Qg7 38.b6 Nd6 39.Qb3 Rc4 40.Qxc4 Nxc4 41.b7  1-0

[Event "40th Ann Open"]
[Site "Curacao AHO"]
[Date "2002.11.24"]
[Round "6"]
[White "Broehl,S"]
[Black "Fernandez,Joh"]
[Result "1-0"]
[WhiteElo "2223"]
[BlackElo "2138"]

1.e4 c5 2.Nf3 d6 3.Bb5+ Bd7 4.Bxd7+ Qxd7 5.O-O Nc6 6.c3 g6 7.d4 cxd4 8.cxd4 Bg7
9.Nc3 Nf6 10.Bg5 O-O 11.Qd2 Rfd8 12.Rfe1 d5 13.e5 Ne8 14.Bh6 Nc7 15.Bxg7 Kxg7
16.Ng5 Ne6 17.Nxe6+ Qxe6 18.Re3 h5 19.f4 Qf5 20.Rg3 f6 21.Re1 fxe5 22.fxe5 Qe6
23.Ne2 Rg8 24.Nf4 Qf5 25.Nxg6  1-0

[Event "ch-ROM"]
[Site "Curtea de Arges ROM"]
[Date "2002.11.24"]
[Round "1.2"]
[White "Nevednichy,V"]
[Black "Minescu,D"]
[Result "1-0"]
[WhiteElo "2555"]
[BlackElo "2127"]

1.e4 c5 2.Nf3 d6 3.Bb5+ Bd7 4.Bxd7+ Qxd7 5.O-O Nc6 6.c3 Nf6 7.Re1 e6 8.d4 cxd4
9.cxd4 d5 10.e5 Ne4 11.Nbd2 Nxd2 12.Bxd2 Be7 13.Rc1 O-O 14.Rc3 a5 15.a3 a4
16.Rd3 b5 17.Ng5 h6 18.Nh3 b4 19.Qh5 Kh7 20.Rg3 Rg8 21.Qxf7 Qe8 22.Qxe6 bxa3
23.bxa3 Nxd4 24.Qxd5 Nb3 25.Qe4+ g6 26.Bb4 Bxb4 27.Qxb4 Rb8 28.Qh4 Nc5 29.Ng5+ Kg7
30.Rh3 Rh8 31.e6 Nxe6 32.Nxe6+ Qxe6 33.Rhe3 Qd6 34.Re7+ Kf8 35.Qe4 Rg8 36.Qf3+  1-0

[Event "ch-ISR"]
[Site "Tel Aviv ISR"]
[Date "2002.11.24"]
[Round "1"]
[White "Kundin,A"]
[Black "Sutovsky,E"]
[Result "1/2-1/2"]
[WhiteElo "2429"]
[BlackElo "2657"]

1.e4 c5 2.Nf3 d6 3.Bb5+ Bd7 4.Bxd7+ Qxd7 5.c4 Nc6 6.Nc3 Nf6 7.d4 cxd4 8.Nxd4 g6
9.f3 Bg7 10.Be3 O-O 11.O-O a6 12.Rc1 Nxd4 13.Bxd4 b5 14.Nd5 Nxd5 15.Bxg7 Ne3
16.Qd4 Nxf1 17.Bxf8 Rxf8 18.Kxf1 Qc7 19.Qc3 Qb8 20.cxb5 Qxb5+ 21.Kf2 Rb8
22.b3 a5 23.Qc7 Qb4 24.Rc2 e6 25.Qc3 Qb6+ 26.Qe3 Qd8 27.h3 a4 28.Kg1 axb3
29.axb3 Qf6 30.Rc6 Ra8  1/2-1/2

[Event "74th ch-GER"]
[Site "Saarbruecken GER"]
[Date "2002.11.26"]
[Round "5"]
[White "Vatter,H"]
[Black "Langrock,H"]
[Result "0-1"]
[WhiteElo "2320"]
[BlackElo "2265"]

1.e4 c5 2.Nf3 d6 3.Bb5+ Bd7 4.Bxd7+ Qxd7 5.c4 g6 6.O-O Bg7 7.d4 cxd4 8.Nxd4 Nc6
9.Be3 Nh6 10.f3 f5 11.Qd2 Nf7 12.exf5 gxf5 13.Nc3 O-O 14.f4 Nh6 15.h3 Kh8
16.Rad1 Ng8 17.Rfe1 b6 18.Bf2 Rae8 19.Ne6 Rf7 20.Qd5 Rf6 21.Bh4 Rh6 22.Bg5 Rg6
23.Qxf5 Bf6 24.Qe4 Nd8 25.Nxd8 Qxd8 26.Qc6 Rf8 27.Bxf6+ Nxf6 28.Ne4 Nh5 29.f5 Rxf5
30.Nxd6 Qf8 31.Qd7 Rf2 32.g4 Qf3 33.Nf7+ Kg7 34.Qd4+ Rf6 35.Rxe7 Qg2+  0-1

[Event "ch-CRO"]
[Site "Zagreb CRO"]
[Date "2002.11.27"]
[Round "4"]
[White "Cosic,R"]
[Black "Bender,I"]
[Result "0-1"]
[WhiteElo "2113"]
[BlackElo "2252"]

1.e4 c5 2.Nf3 d6 3.Bb5+ Bd7 4.Bxd7+ Qxd7 5.O-O Nf6 6.Qe2 e6 7.b3 Nc6 8.Bb2 Be7
9.c4 a6 10.Nc3 O-O 11.Rad1 Rab8 12.d4 cxd4 13.Nxd4 Nxd4 14.Rxd4 Qc6 15.Rfd1 Rfd8
16.Kh1 Ne8 17.R4d3 b5 18.cxb5 axb5 19.Rh3 b4 20.Na4 Rb5 21.Rc1 Qb7 22.f4 Nf6
23.Re1 d5 24.Bxf6 Bxf6 25.e5 Be7 26.Qh5 h6 27.Rg3 Kh8 28.Rd1 Bf8 29.f5 d4
30.fxe6 fxe6 31.Nb2 Qe4 32.Nc4 Rb7 33.Qf3 Qxf3 34.Rxf3 Ra7 35.Rd2 Bc5 36.g3 Rda8
37.Rff2 d3 38.Rg2 Rf7 39.h4 Rf3 40.Kh2 Bd4 41.h5 Rd8 42.Rd1 Rd5 43.Rgd2 Bxe5
44.Nxe5 Rxe5 45.Rxd3 Rf2+ 46.Kg1 Rxa2 47.g4 Re4 48.Rd4 Rae2 49.Kf1 Kh7 50.Rd8 Rh2
51.R1d4 Rhe2 52.R4d7 Rb2 53.Re7 Rf4+ 54.Kg1 Rxg4+ 55.Kf1 Rh4  0-1

[Event "TCh-CZE 2002-3"]
[Site "Czech Rep CZE"]
[Date "2002.11.30"]
[Round "3"]
[White "Michalek,J"]
[Black "Kulhanek,T"]
[Result "1/2-1/2"]
[WhiteElo "2400"]
[BlackElo "2366"]

1.e4 c5 2.Nf3 d6 3.Bb5+ Nc6 4.d4 cxd4 5.Qxd4 Bd7 6.Bxc6 bxc6 7.c4 Qb6 8.Qd3 Nf6
9.Nc3 g6 10.O-O Bg7 11.h3 O-O 12.Rb1 Rfd8 13.Qe2 a5 14.b3 c5 15.Bd2 a4 16.bxa4 Qa6
17.Rb3 Bxa4 18.Ra3 Qc6 19.e5 dxe5 20.Nxe5 Qe8 21.Bc1 Bc6 22.Re1 e6 23.Nb5 Bxb5
24.cxb5 Nd5 25.Nc6 Rdc8 26.Qc4 Qf8 27.Rf3 Nb6 28.Qc2 Ra4 29.Bg5 Re8 30.Bf4 Rea8
31.Be3 Rc4 32.Qe2 Rca4 33.Qc2 Rc4 34.Qe2  1/2-1/2